[Event "World Chess Olympiad 2018"]
[Site "Batumi"]
[Date "2018.09.25"]
[Round "2"]
[Board "3"]
[WhiteFideId "5029465"]
[White "Vidit Santosh Gujrathi"]
[BlackFideId "1612468"]
[Black "Diermair Andreas"]
[Result "1-0"]
[LiveChessVersion "1.4.8"]
[BlackElo "2501"]
[WhiteElo "2711"]

1. e4 {[%clk 1:30:54]} e5 {[%clk 1:30:42]} 2. Nf3 {[%clk 1:31:16]} Nc6
{[%clk 1:31:06]} 3. Bb5 {[%clk 1:31:40]} a6 {[%clk 1:31:17]} 4. Ba4
{[%clk 1:32:03]} Nf6 {[%clk 1:31:41]} 5. O-O {[%clk 1:32:24]} Be7
{[%clk 1:31:42]} 6. Re1 {[%clk 1:32:46]} b5 {[%clk 1:31:53]} 7. Bb3
{[%clk 1:33:14]} d6 {[%clk 1:31:15]} 8. c3 {[%clk 1:33:36]} O-O {[%clk 1:31:40]}
9. h3 {[%clk 1:34:02]} Nb8 {[%clk 1:30:22]} 10. d4 {[%clk 1:34:22]} Nbd7
{[%clk 1:30:48]} 11. Nbd2 {[%clk 1:34:43]} Bb7 {[%clk 1:31:12]} 12. Bc2
{[%clk 1:34:58]} Re8 {[%clk 1:30:49]} 13. Nf1 {[%clk 1:35:09]} Bf8
{[%clk 1:31:08]} 14. Ng3 {[%clk 1:35:28]} g6 {[%clk 1:31:23]} 15. b3
{[%clk 1:35:34]} Rb8 {[%clk 1:19:38]} 16. d5 {[%clk 1:25:12]} c6 {[%clk 1:19:04]}
17. c4 {[%clk 1:25:39]} Qc7 {[%clk 1:11:07]} 18. Bg5 {[%clk 1:23:48]} h6
{[%clk 0:56:02]} 19. Be3 {[%clk 1:23:46]} Nc5 {[%clk 0:54:42]} 20. Qd2
{[%clk 1:23:15]} h5 {[%clk 0:54:11]} 21. b4 {[%clk 0:59:54]} Ncd7
{[%clk 0:53:50]} 22. dxc6 {[%clk 0:58:40]} Bxc6 {[%clk 0:52:38]} 23. cxb5
{[%clk 0:59:01]} axb5 {[%clk 0:52:21]} 24. Bb3 {[%clk 0:58:12]} Nb6
{[%clk 0:40:56]} 25. Bxb6 {[%clk 0:52:09]} Qxb6 {[%clk 0:39:14]} 26. Qg5
{[%clk 0:51:37]} d5 {[%clk 0:31:29]} 27. Qxf6 {[%clk 0:50:28]} Be7
{[%clk 0:31:55]} 28. Qxe5 {[%clk 0:50:39]} Bxb4 {[%clk 0:32:16]} 29. Qf4
{[%clk 0:48:52]} Bxe1 {[%clk 0:32:36]} 30. Rxe1 {[%clk 0:49:20]} Rbd8
{[%clk 0:25:45]} 31. Qh6 {[%clk 0:49:08]} Rd7 {[%clk 0:24:19]} 32. e5
{[%clk 0:47:27]} 1-0

[Event "World Chess Olympiad 2018"]
[Site "Batumi"]
[Date "2018.09.25"]
[Round "2"]
[Board "4"]
[WhiteFideId "1621645"]
[White "Schreiner Peter"]
[BlackFideId "5018471"]
[Black "Adhiban B."]
[Result "1/2-1/2"]
[LiveChessVersion "1.4.8"]
[BlackElo "2668"]
[WhiteElo "2463"]

1. d4 {[%clk 1:30:56]} Nf6 {[%clk 1:30:52]} 2. c4 {[%clk 1:31:20]} e6
{[%clk 1:30:58]} 3. Nf3 {[%clk 1:31:00]} d5 {[%clk 1:31:03]} 4. g3
{[%clk 1:31:01]} Be7 {[%clk 1:30:52]} 5. Bg2 {[%clk 1:31:12]} O-O
{[%clk 1:31:11]} 6. O-O {[%clk 1:30:04]} c6 {[%clk 1:29:47]} 7. Nbd2
{[%clk 1:30:01]} b6 {[%clk 1:29:41]} 8. Qc2 {[%clk 1:30:21]} Bb7 {[%clk 1:28:49]}
9. e4 {[%clk 1:30:43]} Na6 {[%clk 1:27:59]} 10. a3 {[%clk 1:28:39]} c5
{[%clk 1:28:24]} 11. exd5 {[%clk 1:28:48]} exd5 {[%clk 1:28:49]} 12. dxc5
{[%clk 1:28:52]} Nxc5 {[%clk 1:29:15]} 13. b4 {[%clk 1:29:05]} Ne6
{[%clk 1:29:43]} 14. Bb2 {[%clk 1:29:12]} dxc4 {[%clk 1:30:11]} 15. Nxc4
{[%clk 1:25:53]} Be4 {[%clk 1:30:38]} 16. Qb3 {[%clk 1:21:06]} Bd5
{[%clk 1:31:06]} 17. Nfe5 {[%clk 1:19:01]} b5 {[%clk 1:15:26]} 18. Bxd5
{[%clk 1:19:06]} Qxd5 {[%clk 1:15:54]} 19. Na5 {[%clk 1:18:39]} Qxb3
{[%clk 1:13:47]} 20. Nxb3 {[%clk 1:19:06]} Rfc8 {[%clk 1:13:28]} 21. Rac1
{[%clk 1:13:25]} Kf8 {[%clk 1:04:31]} 22. Nc6 {[%clk 1:06:48]} Nd5
{[%clk 0:48:55]} 23. Rfd1 {[%clk 0:46:48]} Bg5 {[%clk 0:35:03]} 24. Rc2
{[%clk 0:39:04]} Ne7 {[%clk 0:32:46]} 25. Nba5 {[%clk 0:34:11]} Nxc6
{[%clk 0:32:07]} 26. Rxc6 {[%clk 0:33:16]} Bd8 {[%clk 0:30:29]} 27. Rd5
{[%clk 0:11:14]} a6 {[%clk 0:23:48]} 28. Rxc8 {[%clk 0:05:36]} Rxc8
{[%clk 0:24:17]} 29. Rd2 {[%clk 0:04:23]} Bxa5 {[%clk 0:18:19]} 30. bxa5
{[%clk 0:04:51]} Ke7 {[%clk 0:18:34]} 31. Rd3 {[%clk 0:04:02]} Rd8
{[%clk 0:17:12]} 32. Re3 {[%clk 0:04:20]} Rd1+ {[%clk 0:17:11]} 33. Kg2
{[%clk 0:04:44]} Kd7 {[%clk 0:17:26]} 34. h4 {[%clk 0:03:36]} f6 {[%clk 0:15:21]}
35. h5 {[%clk 0:02:30]} h6 {[%clk 0:11:44]} 36. Kf3 {[%clk 0:01:40]} Rd5
{[%clk 0:11:04]} 37. g4 {[%clk 0:01:34]} Ng5+ {[%clk 0:02:11]} 38. Kg3
{[%clk 0:01:32]} Ne6 {[%clk 0:02:24]} 39. Kf3 {[%clk 0:01:34]} Ng5+ 1/2-1/2

[Event "World Chess Olympiad 2018"]
[Site "Batumi"]
[Date "2018.09.25"]
[Round "2"]
[Board "1"]
[WhiteFideId "14200244"]
[White "Kasimdzhanov Rustam"]
[BlackFideId "14102951"]
[Black "Eljanov Pavel"]
[Result "1/2-1/2"]
[LiveChessVersion "1.4.8"]
[BlackElo "2703"]
[WhiteElo "2662"]

1. e4 {[%clk 1:30:59]} c6 {[%clk 1:30:48]} 2. d4 {[%clk 1:31:22]} d5
{[%clk 1:31:15]} 3. e5 {[%clk 1:31:48]} Bf5 {[%clk 1:31:40]} 4. Nf3
{[%clk 1:32:13]} e6 {[%clk 1:32:06]} 5. Be2 {[%clk 1:32:25]} Ne7 {[%clk 1:32:24]}
6. O-O {[%clk 1:32:49]} c5 {[%clk 1:32:46]} 7. Be3 {[%clk 1:28:19]} Nec6
{[%clk 1:24:31]} 8. c3 {[%clk 1:25:53]} Nd7 {[%clk 1:22:13]} 9. Bd3
{[%clk 1:11:44]} Bxd3 {[%clk 1:17:02]} 10. Qxd3 {[%clk 1:10:20]} Be7
{[%clk 1:17:02]} 11. Nbd2 {[%clk 1:08:01]} O-O {[%clk 1:16:53]} 12. Rfd1
{[%clk 1:04:49]} Rc8 {[%clk 1:09:08]} 13. Rac1 {[%clk 1:02:44]} Qb6
{[%clk 0:59:57]} 14. Qb1 {[%clk 0:56:36]} Rc7 {[%clk 0:55:09]} 15. Ne1
{[%clk 0:37:01]} Rfc8 {[%clk 0:47:15]} 16. Ndf3 {[%clk 0:37:05]} cxd4
{[%clk 0:46:22]} 17. cxd4 {[%clk 0:36:59]} a5 {[%clk 0:46:31]} 18. h4
{[%clk 0:28:31]} a4 {[%clk 0:45:50]} 19. h5 {[%clk 0:27:51]} h6 {[%clk 0:46:12]}
20. g4 {[%clk 0:20:02]} Nf8 {[%clk 0:36:39]} 21. Kg2 {[%clk 0:19:40]} Qb5
{[%clk 0:29:33]} 22. Nd3 {[%clk 0:15:54]} Nb4 {[%clk 0:29:21]} 23. Rxc7
{[%clk 0:11:59]} Rxc7 {[%clk 0:29:47]} 24. Nxb4 {[%clk 0:08:22]} Bxb4
{[%clk 0:30:10]} 25. Rd3 {[%clk 0:07:04]} Qc6 {[%clk 0:22:40]} 26. Bd2
{[%clk 0:04:36]} Bxd2 {[%clk 0:18:17]} 27. Rxd2 {[%clk 0:04:41]} Qc4
{[%clk 0:08:00]} 28. b3 {[%clk 0:03:44]} axb3 {[%clk 0:05:33]} 29. axb3
{[%clk 0:04:04]} Qb4 {[%clk 0:03:28]} 30. Rc2 {[%clk 0:01:21]} Rc3
{[%clk 0:02:48]} 31. Qc1 {[%clk 0:00:37]} 1/2-1/2

[Event "World Chess Olympiad 2018"]
[Site "Batumi"]
[Date "2018.09.25"]
[Round "2"]
[Board "2"]
[WhiteFideId "14109182"]
[White "Kryvoruchko Yuriy"]
[BlackFideId "14204118"]
[Black "Abdusattorov Nodirbek"]
[Result "1/2-1/2"]
[LiveChessVersion "1.4.8"]
[BlackElo "2558"]
[WhiteElo "2695"]

1. e4 {[%clk 1:30:57]} c5 {[%clk 1:30:46]} 2. Nf3 {[%clk 1:31:22]} d6
{[%clk 1:31:10]} 3. d4 {[%clk 1:31:39]} cxd4 {[%clk 1:31:36]} 4. Nxd4
{[%clk 1:32:05]} Nf6 {[%clk 1:32:00]} 5. Nc3 {[%clk 1:32:31]} a6 {[%clk 1:32:24]}
6. Nb3 {[%clk 1:32:28]} e5 {[%clk 1:29:58]} 7. Bg5 {[%clk 1:32:27]} Be6
{[%clk 1:29:02]} 8. f4 {[%clk 1:32:05]} exf4 {[%clk 1:25:37]} 9. Qd2
{[%clk 1:32:19]} Be7 {[%clk 1:23:25]} 10. O-O-O {[%clk 1:32:41]} Bxb3
{[%clk 1:22:51]} 11. cxb3 {[%clk 1:26:16]} Nc6 {[%clk 1:19:42]} 12. Bxf4
{[%clk 1:15:29]} O-O {[%clk 1:15:06]} 13. Bxd6 {[%clk 1:04:01]} Bxd6
{[%clk 1:07:23]} 14. Qxd6 {[%clk 1:03:26]} Qa5 {[%clk 0:59:47]} 15. Be2
{[%clk 1:03:05]} Rad8 {[%clk 0:55:41]} 16. Qf4 {[%clk 1:01:58]} Nd4
{[%clk 0:51:57]} 17. Bf3 {[%clk 0:58:14]} Ne6 {[%clk 0:42:03]} 18. Qg3
{[%clk 0:52:21]} Nd7 {[%clk 0:37:07]} 19. Rd5 {[%clk 0:49:10]} Qc7
{[%clk 0:37:18]} 20. Rhd1 {[%clk 0:47:47]} Qxg3 {[%clk 0:33:32]} 21. hxg3
{[%clk 0:48:13]} Nb8 {[%clk 0:33:32]} 22. b4 {[%clk 0:46:16]} Nc6
{[%clk 0:31:14]} 23. b5 {[%clk 0:45:02]} axb5 {[%clk 0:31:06]} 24. Rxd8
{[%clk 0:40:53]} Rxd8 {[%clk 0:31:03]} 25. Rxd8+ {[%clk 0:41:19]} Nexd8
{[%clk 0:30:50]} 26. Nxb5 {[%clk 0:41:42]} Kf8 {[%clk 0:30:10]} 27. Kd2
{[%clk 0:41:40]} Ke7 {[%clk 0:30:27]} 28. Kc3 {[%clk 0:38:33]} Ne5
{[%clk 0:27:22]} 29. Nd4 {[%clk 0:38:41]} g6 {[%clk 0:25:10]} 30. b4
{[%clk 0:36:30]} f6 {[%clk 0:22:40]} 31. Be2 {[%clk 0:32:50]} Ndf7
{[%clk 0:22:33]} 32. Bc4 {[%clk 0:33:02]} Nd6 {[%clk 0:21:59]} 33. Bd5
{[%clk 0:33:26]} b5 {[%clk 0:20:23]} 34. Nc2 {[%clk 0:24:58]} Ne8
{[%clk 0:19:15]} 35. Ne3 {[%clk 0:23:09]} Kd6 {[%clk 0:18:18]} 36. Bb3
{[%clk 0:22:41]} Nc7 {[%clk 0:18:01]} 37. Nd5 {[%clk 0:16:20]} Nd7
{[%clk 0:17:25]} 38. Nxc7 {[%clk 0:16:00]} Kxc7 {[%clk 0:17:48]} 39. Bg8
{[%clk 0:14:25]} Nf8 {[%clk 0:11:25]} 40. Kb3 {[%clk 0:42:16]} h6
{[%clk 0:41:02]} 41. Bf7 {[%clk 0:42:03]} Kd7 {[%clk 0:41:17]} 42. a4
{[%clk 0:38:52]} Ke7 {[%clk 0:41:03]} 43. Bg8 {[%clk 0:38:39]} bxa4+
{[%clk 0:40:59]} 44. Kxa4 {[%clk 0:39:05]} Nd7 {[%clk 0:39:50]} 45. Ka5
{[%clk 0:36:26]} Kd6 {[%clk 0:38:12]} 46. Ka6 {[%clk 0:36:21]} Kc7
{[%clk 0:36:17]} 47. Be6 {[%clk 0:28:39]} Nb8+ {[%clk 0:36:42]} 48. Kb5
{[%clk 0:28:58]} Kd6 {[%clk 0:35:08]} 49. Bf7 {[%clk 0:29:19]} g5
{[%clk 0:35:20]} 50. Be8 {[%clk 0:27:47]} Ke7 {[%clk 0:35:45]} 51. Bh5
{[%clk 0:27:44]} Kd6 {[%clk 0:35:16]} 52. Kb6 {[%clk 0:27:06]} Nd7+
{[%clk 0:33:54]} 53. Kb7 {[%clk 0:27:03]} Ne5 {[%clk 0:33:56]} 54. Be2
{[%clk 0:25:46]} Nd7 {[%clk 0:31:31]} 55. Bf1 {[%clk 0:22:06]} h5
{[%clk 0:31:08]} 56. Bb5 {[%clk 0:10:01]} Ne5 {[%clk 0:30:36]} 57. Be8
{[%clk 0:05:37]} h4 {[%clk 0:30:03]} 58. gxh4 {[%clk 0:06:04]} gxh4
{[%clk 0:30:28]} 59. b5 {[%clk 0:06:24]} Kc5 {[%clk 0:28:47]} 60. Kc7
{[%clk 0:06:43]} Nc4 {[%clk 0:28:59]} 61. Bd7 {[%clk 0:05:59]} Nb6
{[%clk 0:28:12]} 62. Bc6 {[%clk 0:06:00]} Nc4 {[%clk 0:28:02]} 63. Bd7
{[%clk 0:04:21]} Nb6 {[%clk 0:28:17]} 64. Be6 {[%clk 0:04:33]} Kxb5
{[%clk 0:20:45]} 65. Kd6 {[%clk 0:04:58]} Kb4 {[%clk 0:21:10]} 66. Ke7
{[%clk 0:05:11]} Kc5 {[%clk 0:21:35]} 67. Kxf6 {[%clk 0:05:10]} Kd4
{[%clk 0:21:59]} 68. e5 {[%clk 0:01:41]} Ke4 {[%clk 0:22:20]} 69. Bf5+
{[%clk 0:01:27]} Kf4 {[%clk 0:22:45]} 70. Bh3 {[%clk 0:01:53]} Nd5+
{[%clk 0:23:07]} 71. Ke6 {[%clk 0:02:22]} Ne3 {[%clk 0:23:29]} 72. Kf6
{[%clk 0:02:32]} Nd5+ {[%clk 0:23:53]} 73. Kg6 {[%clk 0:02:24]} Kxe5
{[%clk 0:24:17]} 74. Kg5 {[%clk 0:02:51]} Nf4 {[%clk 0:24:37]} 75. Kxh4
{[%clk 0:03:17]} Nxg2+ {[%clk 0:25:02]} 76. Bxg2 1/2-1/2

[Event "World Chess Olympiad 2018"]
[Site "Batumi"]
[Date "2018.09.25"]
[Round "2"]
[Board "3"]
[WhiteFideId "14203987"]
[White "Yakubboev Nodirbek"]
[BlackFideId "14103320"]
[Black "Ponomariov Ruslan"]
[Result "1/2-1/2"]
[LiveChessVersion "1.4.8"]
[BlackElo "2681"]
[WhiteElo "2521"]

1. Nc3 {[%clk 1:30:55]} c5 {[%clk 1:24:25]} 2. e4 {[%clk 1:28:12]} Nc6
{[%clk 1:24:12]} 3. Bb5 {[%clk 1:25:38]} e6 {[%clk 1:23:46]} 4. Bxc6
{[%clk 1:18:59]} bxc6 {[%clk 1:24:10]} 5. d3 {[%clk 1:16:26]} d5 {[%clk 1:20:55]}
6. f4 {[%clk 1:13:16]} Nf6 {[%clk 1:20:22]} 7. Nf3 {[%clk 1:12:11]} Ba6
{[%clk 1:18:31]} 8. e5 {[%clk 1:05:28]} Nd7 {[%clk 1:18:42]} 9. O-O
{[%clk 1:05:23]} Be7 {[%clk 1:16:05]} 10. Qe1 {[%clk 1:00:45]} O-O
{[%clk 1:14:21]} 11. Qg3 {[%clk 0:56:04]} f5 {[%clk 1:12:19]} 12. exf6
{[%clk 0:54:40]} Bxf6 {[%clk 1:12:00]} 13. Re1 {[%clk 0:52:36]} Re8
{[%clk 1:10:30]} 14. Bd2 {[%clk 0:32:58]} Qb8 {[%clk 0:58:48]} 15. b3
{[%clk 0:31:04]} e5 {[%clk 0:58:34]} 16. Rad1 {[%clk 0:30:06]} exf4
{[%clk 0:51:16]} 17. Bxf4 {[%clk 0:28:56]} Qc8 {[%clk 0:43:35]} 18. Ne5
{[%clk 0:25:53]} Re6 {[%clk 0:37:17]} 19. Na4 {[%clk 0:15:35]} Bb5
{[%clk 0:36:02]} 20. Nc3 {[%clk 0:11:51]} Qe8 {[%clk 0:34:24]} 21. Nxd7
{[%clk 0:10:13]} Bd4+ {[%clk 0:33:57]} 22. Kh1 {[%clk 0:10:13]} Qxd7
{[%clk 0:34:16]} 23. Nxb5 {[%clk 0:03:22]} cxb5 {[%clk 0:34:41]} 24. Rxe6
{[%clk 0:03:25]} Qxe6 {[%clk 0:34:56]} 25. Re1 {[%clk 0:03:19]} Qf7
{[%clk 0:30:28]} 26. Qg4 {[%clk 0:02:13]} h5 {[%clk 0:26:23]} 27. Qg5
{[%clk 0:01:02]} Bf6 {[%clk 0:22:43]} 28. Qf5 {[%clk 0:01:08]} Bc3
{[%clk 0:22:36]} 29. Qxf7+ {[%clk 0:00:58]} Kxf7 {[%clk 0:23:05]} 30. Re2
{[%clk 0:01:00]} Rc8 {[%clk 0:21:32]} 31. g3 {[%clk 0:00:42]} Rc6
{[%clk 0:20:44]} 32. Bd2 {[%clk 0:00:38]} Bf6 {[%clk 0:20:05]} 33. c4
{[%clk 0:00:38]} bxc4 {[%clk 0:17:06]} 34. dxc4 {[%clk 0:00:48]} dxc4
{[%clk 0:15:28]} 35. bxc4 {[%clk 0:01:16]} Ra6 {[%clk 0:15:49]} 36. Bc1
{[%clk 0:00:39]} Rd6 {[%clk 0:12:25]} 37. Kg2 {[%clk 0:00:37]} Rd3
{[%clk 0:12:38]} 38. Be3 {[%clk 0:00:39]} Be7 {[%clk 0:10:13]} 39. Kf3
{[%clk 0:00:43]} Rc3 {[%clk 0:09:37]} 40. Ke4 {[%clk 0:31:08]} Rxc4+
{[%clk 0:40:00]} 41. Kd5 {[%clk 0:30:05]} Rc3 {[%clk 0:40:13]} 42. Bf4
{[%clk 0:28:12]} Rd3+ {[%clk 0:34:58]} 43. Kc4 {[%clk 0:21:31]} Rd4+
{[%clk 0:32:24]} 44. Kb5 {[%clk 0:21:52]} Rb4+ {[%clk 0:31:12]} 45. Kc6
{[%clk 0:20:54]} Rb6+ {[%clk 0:23:37]} 46. Kd5 {[%clk 0:19:59]} Ra6
{[%clk 0:22:52]} 47. Be5 {[%clk 0:19:34]} g5 {[%clk 0:21:39]} 48. Rb2
{[%clk 0:17:18]} Kg6 {[%clk 0:19:49]} 49. Rb7 {[%clk 0:10:18]} Bf6
{[%clk 0:18:40]} 50. Bxf6 {[%clk 0:10:34]} Kxf6 {[%clk 0:19:05]} 51. Rb2
{[%clk 0:10:20]} Kf5 {[%clk 0:14:51]} 52. Kxc5 {[%clk 0:09:28]} Kg4
{[%clk 0:15:16]} 53. Kd5 {[%clk 0:04:09]} Ra3 {[%clk 0:10:24]} 54. Ke6
{[%clk 0:02:28]} a5 {[%clk 0:09:07]} 55. Rc2 {[%clk 0:01:43]} h4 {[%clk 0:06:26]}
56. gxh4 {[%clk 0:01:38]} gxh4 {[%clk 0:06:42]} 57. Ke5 {[%clk 0:01:10]} a4
{[%clk 0:05:32]} 58. Ke4 {[%clk 0:01:07]} Kh3 {[%clk 0:05:29]} 59. Kf4
{[%clk 0:00:40]} Rd3 {[%clk 0:05:45]} 60. Ke4 {[%clk 0:00:45]} Rd1
{[%clk 0:05:19]} 61. Ke3 {[%clk 0:00:40]} Rf1 {[%clk 0:03:38]} 62. Rc4
{[%clk 0:00:40]} a3 {[%clk 0:03:46]} 63. Ra4 {[%clk 0:00:52]} Rf8
{[%clk 0:03:20]} 64. Ke2 {[%clk 0:00:54]} Rh8 {[%clk 0:03:32]} 65. Rxa3+
{[%clk 0:00:40]} Kxh2 {[%clk 0:03:59]} 66. Kf2 {[%clk 0:00:40]} Rf8+
{[%clk 0:04:14]} 67. Rf3 {[%clk 0:01:00]} Ra8 {[%clk 0:02:49]} 68. Kf1
{[%clk 0:01:02]} Rxa2 {[%clk 0:02:24]} 69. Rf2+ {[%clk 0:01:30]} Rxf2+
{[%clk 0:02:46]} 70. Kxf2 {[%clk 0:01:59]} h3 {[%clk 0:02:56]} 71. Kf1
{[%clk 0:02:25]} Kg3 {[%clk 0:03:14]} 72. Kg1 {[%clk 0:02:51]} h2+
{[%clk 0:03:40]} 73. Kh1 {[%clk 0:03:17]} Kh3 1/2-1/2

[Event "World Chess Olympiad 2018"]
[Site "Batumi"]
[Date "2018.09.25"]
[Round "2"]
[Board "4"]
[WhiteFideId "14105730"]
[White "Korobov Anton"]
[BlackFideId "14200287"]
[Black "Khoroshev Nikita"]
[Result "1-0"]
[LiveChessVersion "1.4.8"]
[BlackElo "2416"]
[WhiteElo "2685"]

1. d4 {[%clk 1:30:55]} Nf6 {[%clk 1:30:43]} 2. c4 {[%clk 1:31:14]} g6
{[%clk 1:31:03]} 3. Nc3 {[%clk 1:31:32]} Bg7 {[%clk 1:31:24]} 4. e4
{[%clk 1:31:38]} d6 {[%clk 1:31:47]} 5. Be2 {[%clk 1:31:10]} O-O {[%clk 1:31:53]}
6. Nf3 {[%clk 1:31:28]} e5 {[%clk 1:32:15]} 7. Be3 {[%clk 1:31:06]} Na6
{[%clk 1:27:31]} 8. O-O {[%clk 1:30:09]} Qe8 {[%clk 1:15:53]} 9. dxe5
{[%clk 1:26:25]} dxe5 {[%clk 1:16:15]} 10. h3 {[%clk 1:24:25]} c6
{[%clk 1:16:34]} 11. c5 {[%clk 1:20:12]} Nh5 {[%clk 1:12:09]} 12. Bxa6
{[%clk 1:14:50]} bxa6 {[%clk 1:12:30]} 13. Qa4 {[%clk 1:14:56]} f5
{[%clk 0:56:01]} 14. Rad1 {[%clk 1:14:04]} Nf4 {[%clk 0:40:33]} 15. Bxf4
{[%clk 1:08:12]} fxe4 {[%clk 0:26:47]} 16. Bxe5 {[%clk 1:07:44]} exf3
{[%clk 0:26:15]} 17. Bxg7 {[%clk 1:06:22]} Kxg7 {[%clk 0:26:20]} 18. Rfe1
{[%clk 1:02:33]} Qf7 {[%clk 0:24:54]} 19. Qh4 {[%clk 0:56:18]} Be6
{[%clk 0:22:54]} 20. gxf3 {[%clk 0:54:23]} h6 {[%clk 0:17:26]} 21. Rd6
{[%clk 0:52:37]} Rae8 {[%clk 0:17:43]} 22. Rxc6 {[%clk 0:51:04]} Kg8
{[%clk 0:05:00]} 23. Qxh6 {[%clk 0:47:49]} Bf5 {[%clk 0:05:16]} 24. Rxe8
{[%clk 0:46:52]} Rxe8 {[%clk 0:05:41]} 25. Ne4 {[%clk 0:46:41]} 1-0

[Event "World Chess Olympiad 2018"]
[Site "Batumi"]
[Date "2018.09.25"]
[Round "2"]
[Board "1"]
[WhiteFideId "13300474"]
[White "Aronian Levon"]
[BlackFideId "13702661"]
[Black "Jumabayev Rinat"]
[Result "1-0"]
[LiveChessVersion "1.4.8"]
[BlackElo "2605"]
[WhiteElo "2780"]

1. e4 {[%clk 1:30:56]} c5 {[%clk 1:30:51]} 2. Nf3 {[%clk 1:31:20]} e6
{[%clk 1:31:12]} 3. d4 {[%clk 1:31:44]} cxd4 {[%clk 1:31:37]} 4. Nxd4
{[%clk 1:32:10]} a6 {[%clk 1:32:01]} 5. Bd3 {[%clk 1:32:32]} Bc5 {[%clk 1:32:26]}
6. Nb3 {[%clk 1:32:51]} Be7 {[%clk 1:29:30]} 7. Qg4 {[%clk 1:30:44]} g6
{[%clk 1:29:55]} 8. Qe2 {[%clk 1:28:08]} d6 {[%clk 1:30:20]} 9. O-O
{[%clk 1:24:46]} Nd7 {[%clk 1:29:29]} 10. a4 {[%clk 1:19:05]} b6 {[%clk 1:29:42]}
11. Na3 {[%clk 1:19:23]} Bb7 {[%clk 1:24:20]} 12. Nc4 {[%clk 1:17:17]} Qc7
{[%clk 1:13:38]} 13. a5 {[%clk 1:14:11]} b5 {[%clk 1:09:12]} 14. Nb6
{[%clk 1:14:35]} Rb8 {[%clk 1:09:05]} 15. c4 {[%clk 1:08:30]} bxc4
{[%clk 1:00:50]} 16. Bxc4 {[%clk 1:07:48]} Ngf6 {[%clk 1:01:15]} 17. Be3
{[%clk 1:04:59]} Nxe4 {[%clk 0:55:33]} 18. Bxa6 {[%clk 0:59:44]} Bxa6
{[%clk 0:54:16]} 19. Qxa6 {[%clk 1:00:07]} O-O {[%clk 0:54:27]} 20. Qb5
{[%clk 0:57:12]} Rfd8 {[%clk 0:51:02]} 21. Qa4 {[%clk 0:54:18]} Nec5
{[%clk 0:46:58]} 22. Nxc5 {[%clk 0:52:27]} dxc5 {[%clk 0:46:55]} 23. Bf4
{[%clk 0:30:21]} Bd6 {[%clk 0:46:09]} 24. Nxd7 {[%clk 0:24:20]} Rxd7
{[%clk 0:42:41]} 25. Rfd1 {[%clk 0:22:27]} Rb4 {[%clk 0:32:24]} 26. Qxd7
{[%clk 0:22:01]} Qxd7 {[%clk 0:30:07]} 27. Bxd6 {[%clk 0:22:26]} Ra4
{[%clk 0:24:53]} 28. Be5 {[%clk 0:22:48]} Rxa5 {[%clk 0:23:27]} 29. Rac1
{[%clk 0:23:14]} Qe7 {[%clk 0:05:40]} 30. b4 {[%clk 0:23:21]} Ra8
{[%clk 0:06:07]} 31. bxc5 {[%clk 0:22:38]} f6 {[%clk 0:02:37]} 32. Bd6
{[%clk 0:21:43]} Qa7 {[%clk 0:02:53]} 33. c6 {[%clk 0:17:48]} Rc8
{[%clk 0:02:48]} 34. c7 {[%clk 0:17:47]} Kg7 {[%clk 0:01:48]} 35. Bf4
{[%clk 0:10:41]} Qa4 {[%clk 0:02:06]} 36. Be3 {[%clk 0:10:50]} Qa5
{[%clk 0:00:32]} 37. Rd7+ {[%clk 0:10:55]} Kg8 {[%clk 0:00:47]} 38. h3
{[%clk 0:09:55]} g5 {[%clk 0:01:08]} 39. Rb1 {[%clk 0:08:51]} Qa8
{[%clk 0:00:33]} 40. Ba7 {[%clk 0:37:42]} 1-0

[Event "World Chess Olympiad 2018"]
[Site "Batumi"]
[Date "2018.09.25"]
[Round "2"]
[Board "2"]
[WhiteFideId "13700316"]
[White "Kazhgaleyev Murtas"]
[BlackFideId "13302485"]
[Black "Melkumyan Hrant"]
[Result "1/2-1/2"]
[LiveChessVersion "1.4.8"]
[BlackElo "2660"]
[WhiteElo "2582"]

1. d4 {[%clk 1:30:46]} Nf6 {[%clk 1:30:45]} 2. c4 {[%clk 1:31:12]} e6
{[%clk 1:30:57]} 3. Nf3 {[%clk 1:31:39]} d5 {[%clk 1:31:09]} 4. Nc3
{[%clk 1:31:58]} a6 {[%clk 1:31:23]} 5. cxd5 {[%clk 1:32:08]} exd5
{[%clk 1:31:43]} 6. Qb3 {[%clk 1:32:21]} c6 {[%clk 1:31:44]} 7. Bg5
{[%clk 1:31:13]} Be7 {[%clk 1:31:27]} 8. e3 {[%clk 1:30:13]} Nbd7
{[%clk 1:22:53]} 9. Bd3 {[%clk 1:26:57]} Nf8 {[%clk 1:21:12]} 10. O-O
{[%clk 1:24:08]} Ne6 {[%clk 1:20:24]} 11. Bh4 {[%clk 1:22:29]} O-O
{[%clk 1:19:42]} 12. Qc2 {[%clk 1:14:33]} g6 {[%clk 1:18:12]} 13. Rab1
{[%clk 1:13:49]} Ng7 {[%clk 1:16:54]} 14. b4 {[%clk 1:12:01]} Bf5
{[%clk 1:16:54]} 15. a4 {[%clk 1:09:39]} Bxd3 {[%clk 1:14:15]} 16. Qxd3
{[%clk 1:10:04]} Nf5 {[%clk 1:14:36]} 17. Bxf6 {[%clk 1:03:28]} Bxf6
{[%clk 1:13:28]} 18. Rfc1 {[%clk 0:53:26]} Nd6 {[%clk 1:00:57]} 19. b5
{[%clk 0:51:29]} axb5 {[%clk 0:57:04]} 20. axb5 {[%clk 0:49:01]} Ra3
{[%clk 0:54:26]} 21. bxc6 {[%clk 0:48:00]} bxc6 {[%clk 0:54:50]} 22. Nd2
{[%clk 0:45:02]} Qa5 {[%clk 0:50:50]} 23. Qc2 {[%clk 0:40:17]} Ra8
{[%clk 0:39:59]} 24. g3 {[%clk 0:38:21]} Be7 {[%clk 0:34:13]} 25. Rb3
{[%clk 0:32:07]} Rxb3 {[%clk 0:23:40]} 26. Nxb3 {[%clk 0:29:50]} Qa6
{[%clk 0:23:00]} 27. Nd2 {[%clk 0:20:30]} Bf8 {[%clk 0:19:50]} 28. Kg2
{[%clk 0:19:34]} Rb8 {[%clk 0:17:51]} 29. Qa4 {[%clk 0:14:58]} Qd3
{[%clk 0:13:00]} 30. Qc2 {[%clk 0:15:14]} Qa6 {[%clk 0:12:33]} 31. Qa4
{[%clk 0:15:32]} Qd3 {[%clk 0:12:57]} 32. Qc2 {[%clk 0:15:52]} 1/2-1/2